Családi vállalkozás költség- és eredményalakulásának elemzése, fejlődési lehetőségei.
| Main Author: | |
|---|---|
| Other Authors: | |
| Format: | Final Paper |
| Kulcsszavak: | családi vállalkozás eredményelemzés fejlődési lehetőségek költségszerkezet megvalósíthatóság |
| Online Access: | http://dolgozattar.uni-bge.hu/60372 |
MARC
| LEADER | 00000nta a2200000 i 4500 | ||
|---|---|---|---|
| 001 | dolg60372 | ||
| 005 | 20260409150510.0 | ||
| 008 | 260409suuuu hu o 000 hun d | ||
| 040 | |a BGE Dolgozattár Repozitórium |b hun | ||
| 041 | |a hu | ||
| 100 | 1 | |a Balla Péter | |
| 245 | 1 | 0 | |a Családi vállalkozás költség- és eredményalakulásának elemzése, fejlődési lehetőségei. |c Balla Péter |h [elektronikus dokumentum] |
| 516 | |a Final_paper | ||
| 520 | 3 | |a A dolgozat célja egy családi vállalkozás működésének elemzése, és annak meghatározása, hogy milyen fejlődési lehetőségei vannak. A vállalkozás főként közös képviselettel foglalkozik, mellék tevékenysége műszaki tanácsadás. Bemutatom a vállalkozás indításának okait, történetét és fejlődésének lépcsőfokait. Leírom a vállalkozás piaci környezetét, és bemutatom a versenytársakat és a szabályozói környezetet, az ezekből adódó lehetőségeket és korlátokat. Részletesen bemutatom a vállalkozás költség szerkezetét és annak változását a vizsgált évek alatt, valamint a főbb gazdasági döntések működést és eredményességet befolyásoló hatását. Bemutatom a vállalkozás eredményességének változását a vizsgált időszak alatt. A vállalkozás a kezdeti veszteséges évek után először kismértékben nyereségessé vált. Majd a bemutatott intézkedéseknek köszönhetően növekedési pályára állt. Szakirodalmi példákkal megvilágítom a családi vállalkozások két jellemző problémáját, melyek jelentős hatással vannak a működési döntésekre: a pénzügyi tudás és tudatosság nem kielégítő szintjét, valamint a család és a vállalkozás összehangolásának nehézségét. Felvázolom a lehetséges fejlődési irányokat rövid és hosszú távon is. Több fejlődési lehetőség megvalósíthatóságát is vizsgálom. Összegezve, elmondható, hogy a vállalkozás számára adottak a lehetőségek a fejlődésre. A piaci környezet nem telített, a versenytársak teljesítménye vegyes. Az eddigi korlátozó tényezők a vállalkozás belső működéséből adódtak, ezek azonban tanulással és fokozatos fejlesztéssel leküzdhetők. | |
| 695 | |a családi vállalkozás | ||
| 695 | |a eredményelemzés | ||
| 695 | |a fejlődési lehetőségek | ||
| 695 | |a költségszerkezet | ||
| 695 | |a megvalósíthatóság | ||
| 700 | 1 | |a Frányó Dr. Zsófia Zsuzsanna |e ths | |
| 856 | 4 | 0 | |u http://dolgozattar.uni-bge.hu/60372/1/Csal%C3%A1di%20v%C3%A1llalkoz%C3%A1s%20k%C3%B6lts%C3%A9g%20%C3%A9s%20eredm%C3%A9nyalakul%C3%A1s%C3%A1nak%20elemz%C3%A9se%2C%20fejl%C5%91d%C3%A9si%20lehet%C5%91s%C3%A9gei.pdf |z Dokumentum-elérés |
| 856 | 4 | 0 | |u http://dolgozattar.uni-bge.hu/60372/2/szakdolgozat-biralat-es-javaslat_Balla%20P%C3%A9ter.pdf |z Dokumentum-elérés |